Sambutlah cintaku
| Format: | Book |
|---|---|
| Published: |
Selangor :
Alaf 21 ,
2005
|
| Subjects: |
MARC
| LEADER | 00000cam a2200000 7i4500 | ||
|---|---|---|---|
| 001 | 0000004107 | ||
| 005 | 20160426.0 | ||
| 020 | 0 | 0 | |a 9831240804 |
| 090 | 0 | 0 | |a 899.2333 |b BIK |
| 245 | 1 | 0 | |a Sambutlah cintaku |c Bikash Nur Idris |
| 260 | 0 | 0 | |a Selangor : |b Alaf 21 , |c 2005 |
| 300 | |a 283 pages ; |c 18cm. | ||
| 650 | 0 | 0 | |a Malay fiction |
| 998 | |a JPSM | ||
| 999 | |a 007973 |b Monograph |c Open Shelf |e Default branch | ||